Technology ventures : (Record no. 81498)
[ view plain ]
| 000 -LEADER | |
|---|---|
| fixed length control field | 00880nam a22002657a 4500 |
| 005 - DATE AND TIME OF LATEST TRANSACTION | |
| control field | 20140107155258.0 |
| 010 ## - LCCN (DPL NO) | |
| LC control number | ENG-108947 |
| 020 ## - INTERNATIONAL STANDARD BOOK NUMBER | |
| International Standard Book Number | 9781259097249 |
| Terms of availability | 599.00 |
| 020 ## - INTERNATIONAL STANDARD BOOK NUMBER | |
| International Standard Book Number | 1259097242 |
| Terms of availability | 599.00 |
| 035 ## - SYSTEM CONTROL NUMBER | |
| System control number | EN-92480 |
| 037 ## - SOURCE OF ACQUISITION | |
| Source of stock number/acquisition | DBAD/PUB |
| 082 ## - DEWEY DECIMAL CLASSIFICATION NUMBER | |
| Edition number | 22 |
| Classification number | 658.11 |
| 100 ## - MAIN ENTRY--PERSONAL NAME | |
| Personal name | Dorf, Richard C. |
| 245 ## - TITLE STATEMENT | |
| Title | Technology ventures : |
| Statement of responsibility, etc | by Richard C. Dorf [and] Thomas H. Byers |
| Remainder of title | from idea to enterprise / |
| 250 ## - EDITION STATEMENT | |
| Edition statement | 2nd ed |
| 260 ## - PUBLICATION, DISTRIBUTION, ETC. (IMPRINT) | |
| Place of publication, distribution, etc | New Delhi |
| Name of publisher, distributor, etc | McGraw Hill Education |
| Date of publication, distribution, etc | 2013 |
| 270 ## - ADDRESS | |
| Address | P-24,Green Park Extension |
| City | New Delhi |
| Postal code | 110016 |
| 300 ## - PHYSICAL DESCRIPTION | |
| Extent | xx, 658p. : |
| Dimensions | 24cm(pbk) |
| Other physical details | ill. |
| Accompanying material | 1 CD-ROM. |
| 500 ## - GENERAL NOTE | |
| General note | Includes bibliographical references and index |
| 650 ## - SUBJECT ADDED ENTRY--TOPICAL TERM | |
| Topical term or geographic name as entry element | Information technology |
| 650 ## - SUBJECT ADDED ENTRY--TOPICAL TERM | |
| Topical term or geographic name as entry element | Entrepreneurship |
| 650 ## - SUBJECT ADDED ENTRY--TOPICAL TERM | |
| Topical term or geographic name as entry element | New business enterprises |
| 700 ## - ADDED ENTRY--PERSONAL NAME | |
| Personal name | Byers, Thomas |
| Fuller form of name | (Thomas H.) |
| 942 ## - ADDED ENTRY ELEMENTS (KOHA) | |
| Source of classification or shelving scheme | Dewey Decimal Classification |
| Item type | English Books |
| Call number suffix | DOR |
| Classification part | 658.11 |
| Withdrawn status | Lost status | Not for loan | Collection code | Home library | Current library | Date acquired | Source of acquisition | Cost, normal purchase price | Full call number | Barcode | Copy number | Cost, replacement price | Koha item type |
|---|---|---|---|---|---|---|---|---|---|---|---|---|---|
| Not For Loan | Non-fiction | D.B.Act.Division | D.B.Act.Division | 24/12/2013 | DBAD / PUB | 599.00 | 658.11 DOR | EN-92480 | 1 | 599.00 | English Books |
